World Capitals starting with K (with hints) - Statistics

General Stats
  • This quiz has been taken 37 times
  • The average score is 9 of 11
Answer Stats
Continent Capital % Correct
North America Kingston
93%
North America Kingstown
93%
Africa Kinshasa
86%
Asia Kathmandu
82%
Asia Kabul
79%
Africa Kigali
79%
Africa Khartoum
75%
Europe Kiev | Kyiv
75%
Asia Kuwait City
75%
Africa Kampala
71%
Asia Kuala Lumpur
64%
No matching quizzes found
Score Distribution
Percent of People with Each Score
Percentile by Number Answered
Your Score History
You have not taken this quiz